Loading...
Current Events | 4 | 15.00 | 100% | 75% | 0% |
Fine Arts - Classical Music | 7 | 10.00 | 86% | 14% | 0% |
Fine Arts - Other Fine Arts | 5 | 8.00 | 60% | 20% | 0% |
Fine Arts - Painting & Sculpture | 9 | 10.00 | 67% | 22% | 11% |
Geography | 2 | 15.00 | 100% | 50% | 0% |
History - American History | 8 | 17.50 | 100% | 63% | 13% |
History - European History | 4 | 15.00 | 100% | 25% | 25% |
History - Other History | 10 | 13.00 | 90% | 40% | 0% |
History - World History | 10 | 11.00 | 70% | 30% | 10% |
Literature - American Literature | 5 | 12.00 | 100% | 0% | 20% |
Literature - British Literature | 8 | 12.50 | 75% | 38% | 13% |
Literature - European Literature | 7 | 14.29 | 86% | 57% | 0% |
Literature - World Literature | 8 | 8.75 | 63% | 0% | 25% |
Mythology | 3 | 10.00 | 100% | 0% | 0% |
Other Academic | 5 | 16.00 | 100% | 60% | 0% |
Philosophy | 8 | 16.25 | 100% | 63% | 0% |
Religion | 6 | 18.33 | 100% | 67% | 17% |
Science - Biology | 7 | 7.14 | 57% | 14% | 0% |
Science - Chemistry | 7 | 7.14 | 57% | 0% | 14% |
Science - Other Science | 8 | 12.50 | 100% | 13% | 13% |
Science - Physics | 9 | 10.00 | 67% | 22% | 11% |
Social Science | 8 | 13.75 | 75% | 63% | 0% |